000
00232nam a2200097Ia 4500
008
120527s9999 xx 000 0 und d
100
_a
WEP
245
_a
The design and manufacture of animal-drawn carts
260
_b
ILO
942
_c
BK
999
_c
25142
_d
25142